[Event "Tch-CRO 1st Liga w 2017"]
[Site "Mali Losinj"]
[Date "2017.10.01"]
[Round "5.44"]
[White "Blazeka, Ivana"]
[Black "Golub, Nikolina"]
[Result "0-1"]
[WhiteElo "1614"]
[BlackElo "1897"]
[PlyCount "64"]
[EventDate "2017.09.28"]
[EventType "team"]
[EventRounds "9"]
[EventCountry "CRO"]

1. e4 c5 2. Nf3 e6 3. d4 cxd4 4. Nxd4 Nf6 5. e5 Qa5+ 6. Nc3 Qxe5+ 7. Be2 a6 8.
a3 d5 9. g3 Qc7 10. f4 b5 11. Qd3 Nbd7 12. Nb3 Nb6 13. Bf3 Nc4 14. Qd4 Bb7 15.
Rb1 Rc8 16. Be3 Nxa3 17. Rc1 Nc4 18. Nd1 a5 19. O-O a4 20. Nd2 Nxe3 21. Nxe3
Bc5 22. Qd3 Qb6 23. Rfe1 Ba6 24. Ndf1 b4 25. Qd2 O-O 26. Kg2 d4 27. Ng4 Nxg4
28. Bxg4 Bb7+ 29. Bf3 Bxf3+ 30. Kxf3 Qc6+ 31. Kg4 f5+ 32. Kh3 Rf6 0-1

[Event "Tch-CRO 1st Liga w 2017"]
[Site "Mali Losinj"]
[Date "2017.10.02"]
[Round "6.11"]
[White "Kruljac, Petra"]
[Black "Bulmaga, Irina"]
[Result "0-1"]
[WhiteElo "2065"]
[BlackElo "2423"]
[PlyCount "46"]
[EventDate "2017.09.28"]
[EventType "team"]
[EventRounds "9"]
[EventCountry "CRO"]

1. b3 c5 2. Bb2 d5 3. e3 Nf6 4. d4 cxd4 5. Qxd4 Nc6 6. Qd1 e5 7. Nf3 Bb4+ 8.
Nbd2 O-O 9. a3 Bd6 10. Be2 Qe7 11. c4 dxc4 12. Nxc4 Bc7 13. Qc2 Bg4 14. Nh4
Bxe2 15. Qxe2 Rad8 16. O-O Qe6 17. Rfd1 e4 18. Bxf6 Qxf6 19. Qg4 b5 20. Qxe4
bxc4 21. Qxc4 Be5 22. Rac1 Na5 23. Qb4 Bc3 0-1

[Event "Tch-CRO 1st Liga w 2017"]
[Site "Mali Losinj"]
[Date "2017.10.02"]
[Round "6.12"]
[White "Berke, Ana"]
[Black "Lukenda, Tina"]
[Result "1/2-1/2"]
[WhiteElo "2169"]
[BlackElo "2062"]
[PlyCount "66"]
[EventDate "2017.09.28"]
[EventType "team"]
[EventRounds "9"]
[EventCountry "CRO"]

1. e4 c6 2. d4 d5 3. exd5 cxd5 4. c4 Nf6 5. Nc3 Nc6 6. Bg5 e6 7. Nf3 Bb4 8. Qb3
O-O 9. c5 h6 10. Bh4 g5 11. Bg3 g4 12. O-O-O gxf3 13. Bh4 Qc7 14. Bg3 Qa5 15.
gxf3 Bxc3 16. bxc3 e5 17. Rg1 Kh8 18. dxe5 Nh5 19. Bh4 Bf5 20. Bd3 Bxd3 21.
Rxd3 Nxe5 22. Rxd5 f6 23. c4 Rad8 24. Qe3 Kh7 25. Qe4+ Kh8 26. Qe3 Kh7 27. Rxe5
fxe5 28. Qe4+ Kh8 29. Qxe5+ Kh7 30. Bxd8 Rxd8 31. Qe4+ Kh8 32. Qe5+ Kh7 33.
Qf5+ Kh8 1/2-1/2

[Event "Tch-CRO 1st Liga w 2017"]
[Site "Mali Losinj"]
[Date "2017.10.02"]
[Round "6.13"]
[White "Svaljek, Radmila"]
[Black "Bogdanic, Katarina"]
[Result "1/2-1/2"]
[WhiteElo "1967"]
[BlackElo "1982"]
[PlyCount "85"]
[EventDate "2017.09.28"]
[EventType "team"]
[EventRounds "9"]
[EventCountry "CRO"]

1. d4 Nf6 2. Nf3 e6 3. Bf4 c5 4. c3 b6 5. e3 Bb7 6. Nbd2 Be7 7. h3 O-O 8. Be2
d6 9. O-O Nbd7 10. Nc4 Ne4 11. Nfd2 Nxd2 12. Qxd2 Nf6 13. dxc5 dxc5 14. Rfd1
Qxd2 15. Rxd2 Rfd8 16. Rad1 Rd5 17. Bf3 Rxd2 18. Nxd2 Bxf3 19. Nxf3 Nd5 20. Bg3
b5 21. Kf1 Nb6 22. Ke2 Rc8 23. Rd2 a5 24. Rc2 f6 25. Nd2 a4 26. Ne4 e5 27. f3
Nc4 28. Nd2 Nd6 29. e4 Rd8 30. Bf2 Ne8 31. Nf1 Nc7 32. Ne3 Bf8 33. Rd2 Rxd2+
34. Kxd2 Kf7 35. Nc2 Ke6 36. Ne1 Kd7 37. Nc2 Kc6 38. h4 Ne6 39. g3 g6 40. g4
Nf4 41. Bg3 Ne6 42. Bf2 Nf4 43. Bg3 1/2-1/2

[Event "Tch-CRO 1st Liga w 2017"]
[Site "Mali Losinj"]
[Date "2017.10.02"]
[Round "6.14"]
[White "Golub, Nikolina"]
[Black "Batory, Lucija"]
[Result "1-0"]
[WhiteElo "1897"]
[BlackElo "1730"]
[PlyCount "104"]
[EventDate "2017.09.28"]
[EventType "team"]
[EventRounds "9"]
[EventCountry "CRO"]

1. d4 d5 2. c4 e6 3. g3 c6 4. Qc2 Nf6 5. Bg2 Be7 6. Nf3 O-O 7. O-O b6 8. Nbd2
Bb7 9. e4 dxc4 10. Nxc4 Nbd7 11. Rd1 h6 12. Nfe5 Qc7 13. Bf4 Nh5 14. Ng6 Nxf4
15. Nxf8 Nxf8 16. gxf4 Qxf4 17. e5 Ng6 18. Qe4 Qg5 19. Rd3 Qf4 20. Rb3 Ba6 21.
Rc3 Qxe4 22. Bxe4 Nf4 23. Rc2 Rd8 24. Bxc6 Rxd4 25. Ne3 Nd3 26. Rd1 Rf4 27. Ng2
Rg4 28. Bf3 Rg5 29. Be4 Nc5 30. f4 Nxe4 31. fxg5 Bc5+ 32. Rxc5 Nxc5 33. gxh6
gxh6 34. Nf4 Bc4 35. b3 Bb5 36. Kf2 Nd7 37. Re1 Kf8 38. a4 Bc6 39. Nd3 Ke7 40.
Nb4 Bd5 41. Nxd5+ exd5 42. Ke3 Nc5 43. Kd4 Ke6 44. Re3 Ne4 45. Rh3 Nc5 46.
Rxh6+ Ke7 47. Kxd5 Nxb3 48. Rc6 Kd7 49. h4 Na5 50. Rf6 Ke7 51. h5 Nb7 52. Rc6
Kf8 1-0

[Event "Tch-CRO 1st Liga w 2017"]
[Site "Mali Losinj"]
[Date "2017.10.02"]
[Round "6.21"]
[White "Ivekovic, Ana"]
[Black "Zarkovic, Mila"]
[Result "1/2-1/2"]
[WhiteElo "2070"]
[BlackElo "2242"]
[PlyCount "82"]
[EventDate "2017.09.28"]
[EventType "team"]
[EventRounds "9"]
[EventCountry "CRO"]

1. d4 Nf6 2. c4 e6 3. Nf3 Bb4+ 4. Bd2 Qe7 5. g3 Bxd2+ 6. Nbxd2 d6 7. Bh3 O-O 8.
e4 e5 9. Bxc8 Rxc8 10. d5 a5 11. O-O Na6 12. Qe2 c6 13. dxc6 Rxc6 14. Nb1 Qe6
15. Nfd2 Nb4 16. Na3 Qh3 17. Rfd1 h5 18. Nf1 Re8 19. f3 Qe6 20. Ne3 g6 21. Nb5
Rd8 22. Nd5 Rd7 23. a3 Na6 24. Na7 Nc5 25. Nxc6 bxc6 26. Nxf6+ Qxf6 27. b4 axb4
28. axb4 Nb3 29. Ra8+ Kg7 30. Kg2 Rb7 31. Rb1 Nd4 32. Qd3 h4 33. Ra4 Rb8 34.
Rba1 Qe6 35. g4 Qf6 36. R1a2 Qf4 37. Rf2 Qc1 38. Rf1 Qb2+ 39. Rf2 Qc1 40. Rf1
Qb2+ 41. Rf2 Qc1 1/2-1/2

[Event "Tch-CRO 1st Liga w 2017"]
[Site "Mali Losinj"]
[Date "2017.10.02"]
[Round "6.22"]
[White "Sulc, Gordana"]
[Black "Turk, Tajana"]
[Result "0-1"]
[WhiteElo "1848"]
[BlackElo "2018"]
[PlyCount "70"]
[EventDate "2017.09.28"]
[EventType "team"]
[EventRounds "9"]
[EventCountry "CRO"]

1. e4 c5 2. Nf3 e6 3. d4 cxd4 4. Nxd4 a6 5. Bd3 Qc7 6. Qe2 g6 7. f4 Bg7 8. Nf3
Nc6 9. a3 Nge7 10. Nc3 Nd4 11. Nxd4 Bxd4 12. Bd2 b5 13. Bxb5 Qb6 14. Bd3 Qxb2
15. Rb1 Qxa3 16. Nd1 Nc6 17. c3 Bc5 18. Ne3 Bxe3 19. Qxe3 O-O 20. O-O Qe7 21.
Rf3 Rb8 22. Ra1 d5 23. Qe1 dxe4 24. Bxe4 Bb7 25. Rh3 Rfd8 26. Be3 h5 27. Qg3
Kf8 28. Bxg6 fxg6 29. Qxg6 Qf7 30. Qh6+ Qg7 31. Bc5+ Kf7 32. Qxh5+ Qg6 33. Qe2
Rg8 34. Rd1 Rbd8 35. Rf1 Nd4 0-1

[Event "Tch-CRO 1st Liga w 2017"]
[Site "Mali Losinj"]
[Date "2017.10.02"]
[Round "6.23"]
[White "Spiranec, Noemi"]
[Black "Mican, Karmela"]
[Result "1-0"]
[WhiteElo "1957"]
[BlackElo "1804"]
[PlyCount "75"]
[EventDate "2017.09.28"]
[EventType "team"]
[EventRounds "9"]
[EventCountry "CRO"]

1. e4 e5 2. Nf3 Nc6 3. Bb5 a6 4. Ba4 Nf6 5. O-O Be7 6. Re1 b5 7. Bb3 O-O 8. h3
d6 9. c3 Nb8 10. d4 Nbd7 11. Nbd2 Bb7 12. Bc2 Re8 13. Nf1 Bf8 14. Ng3 g6 15. a4
c6 16. Nh2 Bg7 17. Bg5 h6 18. Be3 Qc7 19. Qd2 Kh7 20. b3 Rac8 21. Ng4 h5 22.
Nxf6+ Nxf6 23. f4 exd4 24. Bxd4 h4 25. Nf1 c5 26. Bxf6 Bxf6 27. axb5 axb5 28.
Rad1 Rcd8 29. Re2 Ba6 30. Ne3 Bb7 31. Ng4 Bg7 32. f5 d5 33. Qg5 Rh8 34. f6 Bf8
35. e5 Bc8 36. e6 Re8 37. Ne5 Bh6 38. Bxg6+ 1-0

[Event "Tch-CRO 1st Liga w 2017"]
[Site "Mali Losinj"]
[Date "2017.10.02"]
[Round "6.24"]
[White "Lijic, Kristina"]
[Black "Dejanovic, Tereza"]
[Result "1/2-1/2"]
[WhiteElo "1717"]
[BlackElo "1808"]
[PlyCount "78"]
[EventDate "2017.09.28"]
[EventType "team"]
[EventRounds "9"]
[EventCountry "CRO"]

1. c4 e6 2. Nc3 Nf6 3. Nf3 d5 4. d4 c6 5. cxd5 exd5 6. Bg5 Be7 7. Bxf6 Bxf6 8.
e3 Bf5 9. Bd3 Bxd3 10. Qxd3 O-O 11. O-O Nd7 12. Rac1 Be7 13. Nd2 Nf6 14. f3 Qd7
15. Nb3 Rfe8 16. e4 dxe4 17. fxe4 Bb4 18. e5 Nd5 19. Ne4 Qg4 20. Ng3 Be7 21. h3
Qe6 22. Nf5 Nb4 23. Qg3 Qg6 24. Qxg6 hxg6 25. Nxe7+ Rxe7 26. a3 Nd5 27. Rce1
Nc7 28. Re2 Ne6 29. Rd1 Rd8 30. Red2 Red7 31. Kf2 Rd5 32. Ke3 b6 33. Ke4 Kf8
34. Nc1 c5 35. Ne2 Ke7 36. b4 a5 37. bxa5 bxa5 38. Nc3 Rxd4+ 39. Rxd4 cxd4
1/2-1/2

[Event "Tch-CRO 1st Liga w 2017"]
[Site "Mali Losinj"]
[Date "2017.10.02"]
[Round "6.31"]
[White "Krivec, Jana"]
[Black "Repkova, Eva"]
[Result "1/2-1/2"]
[WhiteElo "2270"]
[BlackElo "2315"]
[PlyCount "20"]
[EventDate "2017.09.28"]
[EventType "team"]
[EventRounds "9"]
[EventCountry "CRO"]

1. e4 d5 2. exd5 Qxd5 3. Nc3 Qa5 4. d4 c6 5. Bc4 Bf5 6. Nf3 Nf6 7. O-O e6 8. h4
Nbd7 9. Bf4 Bb4 10. Bd2 O-O 1/2-1/2

[Event "Tch-CRO 1st Liga w 2017"]
[Site "Mali Losinj"]
[Date "2017.10.02"]
[Round "6.32"]
[White "Medic, Mirjana"]
[Black "Starcevic, Andrea"]
[Result "1-0"]
[WhiteElo "2128"]
[BlackElo "1879"]
[PlyCount "75"]
[EventDate "2017.09.28"]
[EventType "team"]
[EventRounds "9"]
[EventCountry "CRO"]

1. d4 d5 2. c4 e6 3. Nc3 Nf6 4. Nf3 Be7 5. Bf4 c6 6. e3 Nbd7 7. h3 O-O 8. Bd3
b6 9. cxd5 exd5 10. O-O Bb7 11. Rc1 Rc8 12. Qe2 c5 13. Nb5 c4 14. Bb1 a6 15.
Nd6 Bxd6 16. Bxd6 Re8 17. Ne5 Re6 18. Nxd7 Rxd6 19. Ne5 b5 20. a3 a5 21. Rfd1
b4 22. axb4 axb4 23. Bc2 Ra6 24. Bb1 Qb6 25. e4 Bc6 26. exd5 Bxd5 27. Nxc4 Qb7
28. Ne3 Rxc1 29. Rxc1 Re6 30. Qd2 g6 31. Bd3 Ne4 32. Bxe4 Bxe4 33. d5 Ra6 34.
Qd4 Bf5 35. Qe5 Bd3 36. Ng4 h5 37. Nf6+ Kf8 38. Rc7 1-0

[Event "Tch-CRO 1st Liga w 2017"]
[Site "Mali Losinj"]
[Date "2017.10.02"]
[Round "6.33"]
[White "Tomulic, Vesna"]
[Black "Roklicer, Heike"]
[Result "0-1"]
[WhiteElo "1829"]
[BlackElo "2044"]
[PlyCount "50"]
[EventDate "2017.09.28"]
[EventType "team"]
[EventRounds "9"]
[EventCountry "CRO"]

1. e4 c6 2. Nc3 d5 3. d4 dxe4 4. Nxe4 Nf6 5. Nxf6+ gxf6 6. Be3 Bf5 7. Nf3 Nd7
8. Bd3 e6 9. c3 Bg6 10. h4 Bh5 11. Be2 Rg8 12. Bf4 Nb6 13. Rg1 Nd5 14. Bg3 Bh6
15. Qc2 Rg7 16. Nh2 Bxe2 17. Qxe2 Qa5 18. Qf3 f5 19. Be5 f6 20. Bd6 O-O-O 21.
Ba3 Rdg8 22. Nf1 Rg4 23. Ne3 Bxe3 24. fxe3 Nxc3 25. Kf1 Ne4 0-1

[Event "Tch-CRO 1st Liga w 2017"]
[Site "Mali Losinj"]
[Date "2017.10.02"]
[Round "6.34"]
[White "Smetisko, Marija"]
[Black "Krajacic, Ivona"]
[Result "1-0"]
[WhiteElo "1795"]
[BlackElo "1589"]
[PlyCount "91"]
[EventDate "2017.09.28"]
[EventType "team"]
[EventRounds "9"]
[EventCountry "CRO"]

1. e4 e6 2. d4 d5 3. exd5 exd5 4. Nc3 Nf6 5. Bg5 c6 6. Bd3 Be7 7. Nge2 h6 8.
Bh4 O-O 9. Qd2 Re8 10. O-O-O Ng4 11. Bg3 Bd6 12. Nf4 g5 13. Nh5 Bxg3 14. hxg3
Nf6 15. f3 Qd6 16. g4 Nbd7 17. Rh3 Nxh5 18. Rxh5 Kg7 19. Rdh1 Rh8 20. Rxg5+ Kf8
21. Rgh5 Qf6 22. Rxh6 Rxh6 23. Qxh6+ Qxh6+ 24. Rxh6 Kg7 25. Rd6 Nf8 26. Rd8 Ne6
27. Re8 Nc7 28. Re1 Ne6 29. Ne2 Bd7 30. Bf5 Re8 31. Kd2 Nf8 32. Ng3 Rxe1 33.
Kxe1 Kf6 34. Kf2 Bxf5 35. Nxf5 Ke6 36. f4 Nd7 37. Kf3 Nf6 38. Ng3 Ne8 39. f5+
Kf6 40. Kf4 Nd6 41. g5+ Ke7 42. b3 Nb5 43. Ke5 Nd6 44. f6+ Kd7 45. Nf5 Ne4 46.
g6 1-0

[Event "Tch-CRO 1st Liga w 2017"]
[Site "Mali Losinj"]
[Date "2017.10.02"]
[Round "6.41"]
[White "Voiska, Margarita"]
[Black "Jacimovic, Sara"]
[Result "1/2-1/2"]
[WhiteElo "2272"]
[BlackElo "1975"]
[PlyCount "124"]
[EventDate "2017.09.28"]
[EventType "team"]
[EventRounds "9"]
[EventCountry "CRO"]

1. Nf3 Nf6 2. d4 g6 3. Nbd2 Bg7 4. e4 d6 5. Bd3 O-O 6. O-O Nc6 7. c3 e5 8. dxe5
dxe5 9. Nc4 Qe7 10. Re1 Rd8 11. Qc2 h6 12. Bf1 Bg4 13. Nfd2 Rd7 14. b4 Ne8 15.
Nb3 Rdd8 16. Ne3 Be6 17. Nc5 Nd6 18. Nd5 Bxd5 19. exd5 Nb8 20. Bb2 b6 21. Nb3
c6 22. Rad1 cxd5 23. Rxd5 Nf5 24. Rxd8+ Qxd8 25. Rd1 Qc7 26. Qe4 Nc6 27. b5 Rd8
28. Rxd8+ Nxd8 29. g3 Nb7 30. Qc6 Qe7 31. Bc4 Nbd6 32. Bd5 h5 33. Ba3 Qf6 34.
Nd2 Qd8 35. Kg2 h4 36. Ne4 Nxe4 37. Bxe4 hxg3 38. hxg3 Bf6 39. c4 Kg7 40. Bd5
Ne7 41. Qb7 Qe8 42. Bc6 Qd8 43. Bd5 Qe8 44. Be4 Nc8 45. Bc6 Qe6 46. Bd7 Qxc4
47. Qxc8 Qd5+ 48. Kh2 Qxa2 49. Bf8+ Kh7 50. Kg1 Qb1+ 51. Kg2 Qe4+ 52. Kh2 Qe2
53. Qc6 Qxf2+ 54. Qg2 Qe3 55. Bc6 Kg8 56. Bb4 Qh6+ 57. Qh3 Qc1 58. Qc8+ Kh7 59.
Qh3+ Kg8 60. Qc8+ Kh7 61. Qh3+ Kg8 62. Qc8+ Kh7 1/2-1/2

[Event "Tch-CRO 1st Liga w 2017"]
[Site "Mali Losinj"]
[Date "2017.10.02"]
[Round "6.43"]
[White "Deur Saric, Zrinka"]
[Black "Grgic, Neomi"]
[Result "1-0"]
[WhiteElo "2152"]
[BlackElo "1847"]
[PlyCount "24"]
[EventDate "2017.09.28"]
[EventType "team"]
[EventRounds "9"]
[EventCountry "CRO"]

1. e4 e5 2. Nf3 Nc6 3. Bb5 a6 4. Ba4 Nf6 5. O-O Be7 6. Re1 b5 7. Bb3 d6 8. c3
O-O 9. h3 Nb8 10. d4 Nbd7 11. Bc2 c5 12. d5 c4 {unreadable} 1-0

[Event "Tch-CRO 1st Liga w 2017"]
[Site "Mali Losinj"]
[Date "2017.10.02"]
[Round "6.44"]
[White "Raguz, Ivanka"]
[Black "Ivekovic, Tihana"]
[Result "0-1"]
[WhiteElo "1812"]
[BlackElo "2111"]
[PlyCount "60"]
[EventDate "2017.09.28"]
[EventType "team"]
[EventRounds "9"]
[EventCountry "CRO"]

1. d4 d5 2. c4 e6 3. Nc3 c6 4. e3 Nf6 5. Qc2 Nbd7 6. Be2 dxc4 7. Bxc4 b5 8. Bd3
a6 9. Nge2 Bb7 10. e4 c5 11. e5 cxd4 12. exf6 dxc3 13. fxg7 Bxg7 14. bxc3 Ne5
15. Be4 Bxe4 16. Qxe4 Nd3+ 17. Kf1 Rc8 18. Be3 O-O 19. h4 Nc5 20. Qg4 f5 21.
Qb4 Ne4 22. g4 Qd3 23. gxf5 Ng3+ 24. fxg3 Qxe3 25. Qg4 Rxf5+ 26. Nf4 Rcf8 27.
Kg2 Rxf4 28. gxf4 Rxf4 29. Qg3 Qe2+ 30. Kh3 Rf3 0-1

[Event "Tch-CRO 1st Liga w 2017"]
[Site "Mali Losinj"]
[Date "2017.10.03"]
[Round "7.11"]
[White "Repkova, Eva"]
[Black "Voiska, Margarita"]
[Result "1/2-1/2"]
[WhiteElo "2315"]
[BlackElo "2272"]
[PlyCount "119"]
[EventDate "2017.09.28"]
[EventType "team"]
[EventRounds "9"]
[EventCountry "CRO"]

1. b3 Nf6 2. Bb2 g6 3. e4 d6 4. Nc3 Bg7 5. d4 O-O 6. Nf3 c5 7. Be2 cxd4 8. Nxd4
Nc6 9. O-O Bd7 10. Re1 Rc8 11. Bc4 Nxd4 12. Qxd4 Ng4 13. Qd2 b5 14. Be2 Nxf2
15. Kxf2 Qa5 16. e5 Bxe5 17. Bd3 Bd4+ 18. Kf1 e5 19. a4 Bxc3 20. Bxc3 Qxc3 21.
Qxc3 Rxc3 22. axb5 Rb8 23. Rxa7 Bxb5 24. Bxb5 Rxb5 25. Re2 Rbc5 26. Ra2 f5 27.
Ke1 Kf7 28. Kd2 Ke6 29. b4 Rc7 30. Re1 e4 31. b5 R3c5 32. Rb1 Rb7 33. Ra5 g5
34. Rb4 Kd5 35. Ra6 Ke5 36. b6 Kd5 37. Ra8 Kc6 38. Rc8+ Kd7 39. Rg8 h6 40. Rh8
Kc6 41. Rxh6 Rd5+ 42. Ke3 Rxb6 43. Rxb6+ Kxb6 44. g4 fxg4 45. Kxe4 Kc5 46. Rh8
Re5+ 47. Kd3 Rf5 48. Rc8+ Kd5 49. c4+ Ke5 50. c5 Rf3+ 51. Ke2 Rh3 52. cxd6
Rxh2+ 53. Kf1 Kxd6 54. Rg8 Ke5 55. Rxg5+ Kf4 56. Ra5 Kg3 57. Ra3+ Kh4 58. Kg1
Rb2 59. Rc3 g3 60. Rc8 1/2-1/2

[Event "Tch-CRO 1st Liga w 2017"]
[Site "Mali Losinj"]
[Date "2017.10.03"]
[Round "7.12"]
[White "Cvitan, Ena"]
[Black "Medic, Mirjana"]
[Result "0-1"]
[WhiteElo "2269"]
[BlackElo "2128"]
[PlyCount "76"]
[EventDate "2017.09.28"]
[EventType "team"]
[EventRounds "9"]
[EventCountry "CRO"]

1. d4 e6 2. c4 f5 3. g3 Nf6 4. Bg2 d5 5. Nf3 c6 6. O-O Bd6 7. Nbd2 Nbd7 8. Ne1
O-O 9. Nd3 Qe7 10. Nf3 b6 11. Qa4 Bb7 12. Bf4 Bxf4 13. gxf4 Rfc8 14. Nfe5 c5
15. Nxd7 Nxd7 16. cxd5 Bxd5 17. Bxd5 exd5 18. Ne5 Nxe5 19. dxe5 Qf7 20. Qb3 d4
21. Qf3 Rd8 22. Rfd1 Qd5 23. Qxd5+ Rxd5 24. Rac1 Rad8 25. Rd3 R5d7 26. Kg2 Kf7
27. Rb3 h6 28. Rg3 d3 29. e6+ Kxe6 30. exd3 Kf6 31. Rc3 Rd4 32. a3 Rxf4 33. b4
Rd5 34. Kf1 Rfd4 35. bxc5 Rxc5 36. Rb3 f4 37. Rh3 Kg5 38. Ke2 Kg4 0-1

[Event "Tch-CRO 1st Liga w 2017"]
[Site "Mali Losinj"]
[Date "2017.10.03"]
[Round "7.13"]
[White "Roklicer, Heike"]
[Black "Deur Saric, Zrinka"]
[Result "0-1"]
[WhiteElo "2044"]
[BlackElo "2152"]
[PlyCount "132"]
[EventDate "2017.09.28"]
[EventType "team"]
[EventRounds "9"]
[EventCountry "CRO"]

1. d4 Nf6 2. Bf4 d5 3. Nf3 c5 4. c3 Nc6 5. e3 Qb6 6. Qb3 c4 7. Qc2 Bf5 8. Qc1
h6 9. Nbd2 e6 10. b3 cxb3 11. axb3 Be7 12. Qb2 Nh5 13. Bg3 Nxg3 14. hxg3 O-O
15. Be2 Rfc8 16. O-O Bf6 17. Ne1 e5 18. Bd3 Ne7 19. Bxf5 Nxf5 20. Nd3 exd4 21.
cxd4 Nd6 22. Rfc1 Qb5 23. Rxc8+ Rxc8 24. Nf4 a6 25. Rc1 Rc6 26. Rxc6 Qxc6 27.
Nd3 Ne4 28. Nxe4 dxe4 29. Nf4 Bg5 30. Ne2 Be7 31. Qc3 Qxc3 32. Nxc3 f5 33. g4
fxg4 34. Nxe4 Kf7 35. Kf1 Ke6 36. Ke2 Kd5 37. Kd3 h5 38. f3 gxf3 39. gxf3 b5
40. Nf2 a5 41. e4+ Ke6 42. Nh3 g5 43. Nf2 Bd8 44. Nh3 Kf6 45. Kc3 Be7 46. Kd3
g4 47. fxg4 hxg4 48. Nf4 Kg5 49. Nd5 a4 50. bxa4 bxa4 51. Nc3 a3 52. Ke3 Bb4
53. Na2 Ba5 54. Nc1 Bc3 55. Na2 Bb2 56. Nb4 Bc1+ 57. Kf2 Bf4 58. Na2 Bc7 59. e5
Kf4 60. Kg2 Ke4 61. Kg3 Kxd4 62. Kxg4 Bxe5 63. Kf3 Kc4 64. Ke2 Kb3 65. Nc1+ Kc2
66. Nd3 Bc3 0-1

[Event "Tch-CRO 1st Liga w 2017"]
[Site "Mali Losinj"]
[Date "2017.10.03"]
[Round "7.14"]
[White "Vujnovic, Patricija"]
[Black "Smetisko, Marija"]
[Result "1/2-1/2"]
[WhiteElo "2121"]
[BlackElo "1795"]
[PlyCount "39"]
[EventDate "2017.09.28"]
[EventType "team"]
[EventRounds "9"]
[EventCountry "CRO"]

1. d4 Nf6 2. c4 g6 3. Nf3 Bg7 4. e3 O-O 5. Be2 d5 6. cxd5 Bf5 7. Qb3 Qxd5 8.
Bc4 Qa5+ 9. Nc3 Qb6 10. Qxb6 axb6 11. O-O c6 12. Re1 b5 13. Bb3 Ne4 14. Nh4
Nxc3 15. Nxf5 gxf5 16. bxc3 e6 17. e4 fxe4 18. Rxe4 Nd7 19. Bg5 Rfe8 20. Rc1
1/2-1/2

[Event "Tch-CRO 1st Liga w 2017"]
[Site "Mali Losinj"]
[Date "2017.10.03"]
[Round "7.21"]
[White "Zarkovic, Mila"]
[Black "Krivec, Jana"]
[Result "1-0"]
[WhiteElo "2242"]
[BlackElo "2270"]
[PlyCount "83"]
[EventDate "2017.09.28"]
[EventType "team"]
[EventRounds "9"]
[EventCountry "CRO"]

1. e4 e5 2. Nf3 Nc6 3. Bb5 Nge7 4. Nc3 d6 5. d4 Bd7 6. dxe5 Nxe5 7. Nxe5 dxe5
8. Bc4 Ng6 9. Qd5 Be6 10. Qxb7 Rb8 11. Bb5+ Ke7 12. Qxa7 f6 13. Be3 Kf7 14. Bd2
Bb4 15. a4 Qd6 16. Qe3 c6 17. Bd3 Bc5 18. Qe2 Rxb2 19. O-O Bd4 20. Rab1 Rxb1
21. Rxb1 Ra8 22. Bc4 Bxc3 23. Bxc3 Rxa4 24. Rb7+ Kg8 25. Qd3 Qxd3 26. Bxe6+ Kf8
27. cxd3 Nf4 28. Bb4+ Rxb4 29. Rxb4 Nxe6 30. g3 Ke7 31. Rb7+ Kd6 32. Kf1 h6 33.
Ke2 g6 34. Rh7 h5 35. Ke3 Nd8 36. Rh6 Ke6 37. Rxg6 Kf7 38. Rh6 Kg7 39. Rxh5 Nf7
40. f4 Kg6 41. Rh4 Nh6 42. Rxh6+ 1-0

[Event "Tch-CRO 1st Liga w 2017"]
[Site "Mali Losinj"]
[Date "2017.10.03"]
[Round "7.22"]
[White "Starcevic, Andrea"]
[Black "Sulc, Gordana"]
[Result "0-1"]
[WhiteElo "1879"]
[BlackElo "1848"]
[PlyCount "100"]
[EventDate "2017.09.28"]
[EventType "team"]
[EventRounds "9"]
[EventCountry "CRO"]

1. c4 e5 2. Nc3 Nc6 3. g3 Bc5 4. Bg2 a6 5. e3 d6 6. Nge2 Ba7 7. O-O Nf6 8. d4
Bd7 9. a3 Qc8 10. Re1 O-O 11. b4 Bh3 12. Bh1 Rb8 13. b5 Na5 14. Qa4 b6 15. dxe5
dxe5 16. Nd5 Nxd5 17. Bxd5 Bd7 18. Rb1 c6 19. bxc6 Bxc6 20. Qb4 Qc7 21. Bb2
Rfe8 22. Nc3 Bxd5 23. cxd5 Nc4 24. Rbc1 b5 25. Ne4 f5 26. Ng5 Bc5 27. Qc3 Qb7
28. Red1 Qb6 29. Re1 Rbc8 30. Ne6 Bd6 31. Qb3 h6 32. Rcd1 Qa7 33. Kh1 Re7 34.
Rd3 Qb7 35. Qa2 Rxe6 36. e4 Rf6 37. f4 Nxb2 38. Qxb2 Qb8 39. Qb3 Kh8 40. fxe5
Bxe5 41. exf5 Rxf5 42. Rde3 Rd8 43. Qd3 Rdf8 44. Re4 Qd6 45. Rh4 Rf3 46. Qe4
Bb2 47. Rh5 Bxa3 48. Qg4 Qf6 49. Re6 Qa1+ 50. Kg2 Qf1# 0-1

[Event "Tch-CRO 1st Liga w 2017"]
[Site "Mali Losinj"]
[Date "2017.10.03"]
[Round "7.23"]
[White "Mican, Karmela"]
[Black "Tomulic, Vesna"]
[Result "1/2-1/2"]
[WhiteElo "1804"]
[BlackElo "1829"]
[PlyCount "34"]
[EventDate "2017.09.28"]
[EventType "team"]
[EventRounds "9"]
[EventCountry "CRO"]

1. e4 c6 2. d4 d5 3. exd5 cxd5 4. Bd3 Nc6 5. c3 Nf6 6. h3 e6 7. Nf3 Qc7 8. Nbd2
Bd6 9. Qe2 O-O 10. O-O Re8 11. Nb3 a6 12. Be3 Ne4 13. Nfd2 f5 14. Bxe4 dxe4 15.
f4 b6 16. g3 a5 17. Rf2 a4 1/2-1/2

[Event "Tch-CRO 1st Liga w 2017"]
[Site "Mali Losinj"]
[Date "2017.10.03"]
[Round "7.24"]
[White "Krajacic, Ivona"]
[Black "Lijic, Kristina"]
[Result "1/2-1/2"]
[WhiteElo "1589"]
[BlackElo "1717"]
[PlyCount "40"]
[EventDate "2017.09.28"]
[EventType "team"]
[EventRounds "9"]
[EventCountry "CRO"]

1. d4 d5 2. Bf4 Bf5 3. Nf3 Nf6 4. e3 e6 5. Bd3 Bxd3 6. Qxd3 c6 7. Nbd2 h6 8. h3
Bd6 9. Bxd6 Qxd6 10. c3 Nbd7 11. O-O O-O 12. e4 dxe4 13. Nxe4 Qf4 14. Nxf6+
Qxf6 15. Qe3 Rfd8 16. Rfe1 Nb6 17. Qe5 Qe7 18. Qe2 c5 19. dxc5 Qxc5 20. Rac1
Rac8 1/2-1/2

[Event "Tch-CRO 1st Liga w 2017"]
[Site "Mali Losinj"]
[Date "2017.10.03"]
[Round "7.31"]
[White "Bulmaga, Irina"]
[Black "Ivekovic, Ana"]
[Result "1-0"]
[WhiteElo "2423"]
[BlackElo "2070"]
[PlyCount "71"]
[EventDate "2017.09.28"]
[EventType "team"]
[EventRounds "9"]
[EventCountry "CRO"]

1. e4 e5 2. Nf3 Nc6 3. Bc4 Bc5 4. O-O Nf6 5. d3 d6 6. c3 O-O 7. Bb3 h6 8. h3
Bb6 9. Re1 Bd7 10. Nbd2 Qc8 11. Nf1 Be6 12. Bc2 Ne7 13. d4 Ng6 14. Ng3 Re8 15.
Be3 Bd7 16. Qd2 Kh7 17. Rad1 Be6 18. a4 a5 19. Kh2 Ba7 20. Qc1 Bb8 21. Kg1 c6
22. b3 Bc7 23. c4 Rb8 24. d5 Bxh3 25. gxh3 Qxh3 26. Bd3 Nh4 27. Nxh4 Qxh4 28.
Kg2 Ng4 29. Rh1 Nxe3+ 30. Qxe3 Qg4 31. Be2 Qg6 32. Rh5 Bd8 33. Rdh1 Kg8 34. Rf5
Bg5 35. Qd3 Bf4 36. Bh5 1-0

[Event "Tch-CRO 1st Liga w 2017"]
[Site "Mali Losinj"]
[Date "2017.10.03"]
[Round "7.32"]
[White "Turk, Tajana"]
[Black "Berke, Ana"]
[Result "1/2-1/2"]
[WhiteElo "2018"]
[BlackElo "2169"]
[PlyCount "72"]
[EventDate "2017.09.28"]
[EventType "team"]
[EventRounds "9"]
[EventCountry "CRO"]

1. d4 Nf6 2. Nf3 e6 3. e3 b6 4. Bd3 Bb7 5. O-O d5 6. Nbd2 Bd6 7. b3 O-O 8. Bb2
c5 9. Ne5 Nc6 10. a3 Rc8 11. Qe2 Ne7 12. Rac1 Ne4 13. Nxe4 dxe4 14. Bb5 Qc7 15.
Qh5 a6 16. Be2 b5 17. dxc5 Bxc5 18. Rfd1 Bd6 19. Ng4 f5 20. Nh6+ gxh6 21. Qxh6
Rf7 22. Qxe6 Rd8 23. Bh5 Ng6 24. Bxg6 hxg6 25. Qxg6+ Kf8 26. Qh6+ Ke8 27. g3
Qe7 28. c4 Bxa3 29. Qh8+ Rf8 30. Qh5+ Rf7 31. Rxd8+ Kxd8 32. Rd1+ Ke8 33. Qh8+
Rf8 34. Qh5+ Rf7 35. Qh8+ Rf8 36. Qh5+ Rf7 1/2-1/2